| 000 | 00376nam a2200145Ia 4500 | ||
|---|---|---|---|
| 008 | 240624s9999 xx 000 0 und d | ||
| 041 | _aeng | ||
| 082 | _a657 REE | ||
| 100 | _aREEVE JAMES M | ||
| 245 | _aPRINCIPLES OF MANAGERIAL ACCOUNTING | ||
| 250 | _a(11th ed.) | ||
| 260 |
_c2012 _aAustralia _bCengage Learning |
||
| 300 | _axxix, : 639 : p. : cm. ; 27 | ||
| 365 |
_c _b25 |
||
| 999 |
_c26977 _d26977 |
||